• 首页
  • 本馆介绍
  • 公告通知
  • 最新文献
  • 馆藏检索
  • 电子资源
  • 读者导购
  • 参考咨询
  • 我的图书馆
  • 登录
  • 详细信息显示
  • 放入我的书架
  • 预约/预借图书
  • 作者相关作品
  • 分类相关作品
  • 丛书相关作品
  • 出版社相关作品

书目信息

  • 表格格式
  • 工作单格式
  • 卡片格式
题名:
中国绘画对景德镇陶瓷艺术的影响
    
 
作者: 肖良东, , 阎飞, 著
分册:  
出版信息: 长春   吉林大学出版社  2018
页数: 195页
开本: 24cm
丛书名:
单 册:
中图分类: J212.052 , J527
科图分类:
主题词: 中国画--Zhong Guo Hua--影响--陶瓷艺术--研究--景德镇
电子资源:
ISBN: 978-7-5692-0672-2
000 01371nam0 2200289 450
001 012001010198
005 20140101092036.0
010    @a978-7-5692-0672-2@dCNY42.00
099    @aCAL 012019054807
100    @a20181024d2018 em y0chiy50 ea
101 0  @achi
102    @aCN@b220000
105    @aa z 000yy
106    @ar
200 1  @a中国绘画对景德镇陶瓷艺术的影响@AZhong Guo Hui Hua Dui Jing De Zhen Tao Ci Yi Shu De Ying Xiang@e以彭友善国画艺术对景德镇仿古瓷艺术的影响为例@f肖良东, 阎飞著
210    @a长春@c吉林大学出版社@d2018
215    @a195页@c图@d24cm
300    @a2013年江西省高校人文社科青年基金项目:“景德镇仿古瓷艺术发展研究”的阶段成果之一 2014年景德镇陶瓷学院校自选课题:“彭友善绘画艺术对近代景德镇仿古瓷的影响”的最终成果
330    @a本书分为“探究中国陶瓷绘画”“中国绘画之于景德镇陶瓷艺术”上下两篇,内容包括中国陶瓷绘画艺术史、传统中国画与陶瓷绘画的共性与个性、陶瓷绘画的解读与探析、景德镇陶瓷文化等。
517 1  @a以彭友善国画艺术对景德镇仿古瓷艺术的影响为例@AYi Peng You Shan Guo Hua Yi Shu Dui Jing De Zhen Fang Gu Ci Yi Shu De Ying Xiang Wei Li
606 0  @a中国画@AZhong Guo Hua@x影响@x陶瓷艺术@x研究@y景德镇
690    @aJ212.052@v5
690    @aJ527@v5
701  0 @a肖良东,@AXiao Liang Dong@f1975-@4著
701  0 @a阎飞,@AYan Fei@f1976-@4著
801  0 @aCN@b上海新华@c20191020
905    @b1135977-80@dJ212.052@e1096@f4
    
    中国绘画对景德镇陶瓷艺术的影响:以彭友善国画艺术对景德镇仿古瓷艺术的影响为例/肖良东, 阎飞著.-长春:吉林大学出版社,2018
    195页:图;24cm
    2013年江西省高校人文社科青年基金项目:“景德镇仿古瓷艺术发展研究”的阶段成果之一 2014年景德镇陶瓷学院校自选课题:“彭友善绘画艺术对近代景德镇仿古瓷的影响”的最终成果
    
    ISBN 978-7-5692-0672-2:CNY42.00
    本书分为“探究中国陶瓷绘画”“中国绘画之于景德镇陶瓷艺术”上下两篇,内容包括中国陶瓷绘画艺术史、传统中国画与陶瓷绘画的共性与个性、陶瓷绘画的解读与探析、景德镇陶瓷文化等。
●
相关链接 在E读中查询图书 在五车中查询图书 在当当中查询图书 在豆瓣中查询图书


正题名:中国绘画对景德镇陶瓷艺术的影响     索取号:J212.052/1096         预约/预借

序号 登录号 条形码 馆藏地/架位号 状态 备注
1 1135977   211359778   第一样本阅览室/ [索取号:J212.052/1096] 在馆    
2 1135978   211359787   第一借阅区/ [索取号:J212.052/1096] 在馆    
3 1135979   211359796   第一借阅区/ [索取号:J212.052/1096] 在馆    
4 1135980   211359803   第一借阅区/ [索取号:J212.052/1096] 在馆    
唐山师范学院图书馆 欢迎您!
大连网信软件有限公司© 版权所有